Retrato en sepia
Saved in:
| Hovedforfatter: | |
|---|---|
| Format: | Bog |
| Sprog: | spansk |
| Udgivet: |
Buenos Aires
Sudamericana
2011
|
| Udgivelse: | 10a. ed |
| Fag: | |
| Tags: |
Tilføj Tag
Ingen Tags, Vær først til at tagge denne postø!
|
MARC
| LEADER | 00000cam a2200000 a 4500 | ||
|---|---|---|---|
| 001 | UCD3751 | ||
| 003 | CL-VaPUC | ||
| 008 | 160616e20110000ag |||||||||||||||||spa|d | ||
| 020 | |a 9789871138890 | ||
| 082 | 0 | 4 | |a 863 |b ALL |2 21 |
| 100 | |a Allende, Isabel, |d 1942- |e autora |9 318389 | ||
| 245 | 1 | 0 | |a Retrato en sepia |
| 250 | |a 10a. ed | ||
| 300 | |a 343 p | ||
| 942 | |c BK | ||
| 945 | |d 20160616 22:39:00 |a dcastane | ||
| 260 | |a Buenos Aires |b Sudamericana |c 2011 | ||
| 650 | 0 | |a Novelas chilenas |9 265425 | |
| 650 | 0 | |a Literatura chilena |9 308278 | |
| 583 | |a last modification |c 20160616 22:39:00 |k Rodrigo Vera | ||
| 999 | |c 364776 |d 364774 | ||
| 952 | |0 0 |1 0 |3 erb |4 0 |6 863_000000000000000_ALL_2011 |7 0 |8 C |9 478364 |a BIBCUR |b BIBCUR |i 5293898 |l 2 |o 863 ALL 2011 |p 5293898 |r 2025-04-22 |s 2024-05-08 |w 2019-11-24 |y BK |z Catalogado en:20160616 |k CAC | ||